PSJ - Chemkostav, a.s. výročná správa 2001

Saved in:
Bibliographic Details
Format: Book
Language:Slovak
English
Published: Michalovce PSJ - Chemkostav, a.s. [2002]
Subjects:
Tags: Add Tag
No Tags, Be the first to tag this record!

MARC

LEADER 00000nam$a2200000$$$4500
001 0004277
005 20240108123759.9
041 0 |a slo 
041 0 |a eng 
044 |a SK 
245 1 0 |a PSJ - Chemkostav, a.s.  |b výročná správa 2001 
264 1 |a Michalovce  |b PSJ - Chemkostav, a.s.  |c [2002] 
300 |a 17 s. 
610 2 0 |a výroba stavebná 
610 2 0 |a výstavba bytová 
610 2 0 |a stavby inžinierske 
610 2 0 |a rekonštrukcia 
610 2 0 |a manažment 
610 2 0 |a štruktúra organizačná 
610 2 0 |a riadenie kvality 
610 2 0 |a analýza ekonomická 
610 2 0 |a majetok 
610 2 0 |a výkazy finančné 
610 2 0 |a výkazy účtovné 
610 2 0 |a audit